Johnny Depp Movies by Picture (Click) - Statistics

General Stats
  • This quiz has been taken 285 times
  • The average score is 13 of 25
Answer Stats
Hint Answer % Correct
Charlie and the Chocolate Factory
91%
Pirates of the Caribbean: The Curse of the Black Pearl
89%
Alice in Wonderland
89%
Murder on the Orient Express
85%
Sweeney Todd: The Demon Barber of Fleet Street
75%
The Lone Ranger
71%
Fantastic Beasts and Where to Find Them
69%
Edward Scissorhands
68%
Dark Shadows
64%
Sleepy Hollow
60%
Platoon
58%
Jeanne du Barry
56%
Public Enemies
56%
Cry-Baby
54%
Gilbert Grape
46%
Blow
38%
Donnie Brasco
38%
Las Vegas Parano
37%
The Ninth Gate
35%
Black Mass
30%
Ed Wood
29%
From Hell
26%
Dead Man
26%
Neverland
21%
Arizona Dream
21%
No matching quizzes found
Score Distribution
Percent of People with Each Score
Percentile by Number Answered
Your Score History
You have not taken this quiz